[Event "4NCL Online Division 6"]
[Site "online"]
[Date "2020.11.17"]
[Round "7.12"]
[White "Mooney, Graham"]
[Black "Punnett, Alan K"]
[Result "0-1"]
[WhiteElo "1896"]
[BlackElo "2102"]
[PlyCount "88"]
[EventDate "2020.11.17"]
[WhiteTeam "Dundee City B"]
[BlackTeam "Guildford Castles"]

1. e4 e6 2. Nf3 d5 3. Nc3 Nf6 4. e5 Nfd7 5. d4 c5 6. Bf4 Nc6 7. dxc5 Be7 8. Bb5
Nxc5 9. O-O Bd7 10. Re1 g5 11. Bg3 h5 12. h3 Qb6 13. a4 a6 14. Bxc6 Bxc6 15. b3
O-O-O 16. Qd4 g4 17. hxg4 hxg4 18. Nh2 Qc7 19. Nxg4 Rdg8 20. Nf6 Rg6 21. b4 Nd7
22. Nxd7 Bxd7 23. Ne2 Rgh6 24. f3 Bh4 25. b5 Be7 26. b6 Qc6 27. Qc3 Bc5+ 28.
Nd4 Bxd4+ 29. Qxd4 Qxc2 30. Bh4 Rxh4 31. Qxh4 Rxh4 32. Rac1 Rc4 33. Rxc2 Rxc2
34. a5 Ra2 35. Rc1+ Bc6 36. Rc5 Rb2 37. f4 Rb5 38. Rc3 Rxa5 39. g4 Ra4 40. Rh3
Rxf4 41. Rh8+ Kd7 42. Rg8 d4 43. g5 Bd5 44. Rf8 Rg4+ 0-1

[Event "4NCL Online Division 6"]
[Site "online"]
[Date "2020.11.17"]
[Round "7.13"]
[White "White, Nigel"]
[Black "Babin, Andre"]
[Result "1-0"]
[WhiteElo "2095"]
[BlackElo "1833"]
[PlyCount "109"]
[EventDate "2020.11.17"]
[WhiteTeam "Guildford Castles"]
[BlackTeam "Dundee City B"]

1. e4 c5 2. Nf3 Nc6 3. d4 cxd4 4. Nxd4 Nf6 5. Nc3 e6 6. Nxc6 bxc6 7. e5 Nd5 8.
Ne4 a5 9. c4 Nb6 10. Be2 Bb4+ 11. Kf1 Be7 12. Be3 Ba6 13. b3 O-O 14. Qd4 Rb8
15. Rd1 f6 16. Nc5 fxe5 17. Qg4 Bxc5 18. Bxc5 Rf4 19. Qg3 d5 20. Be3 Qf6 21. h4
Nd7 22. Rh3 a4 23. Bxf4 exf4 24. Qc3 Qxc3 25. Rxc3 axb3 26. axb3 Nf6 27. Ra1
Ne4 28. Rc2 Rxb3 29. Rxa6 Rb1+ 30. Bd1 Rxd1+ 31. Ke2 Rb1 32. Rxc6 Kf7 33. Kf3
Rb3+ 34. Kxf4 Rb7 35. Ke5 Re7 36. c5 g5 37. hxg5 Nxg5 38. Ra6 Ne4 39. f3 Nf6
40. c6 Ne8 41. Ra8 d4 42. Kxd4 e5+ 43. Ke3 Nc7 44. Rd8 Ke6 45. Ke4 Ne8 46. Rxe8
Rxe8 47. c7 Rc8 48. Rc6+ Kd7 49. Kd5 h5 50. Rd6+ Ke7 51. Kc6 h4 52. Rh6 Ra8 53.
Rxh4 e4 54. Rxe4+ Kf7 55. Kb7 1-0

[Event "4NCL Online Division 6"]
[Site "online"]
[Date "2020.11.17"]
[Round "7.14"]
[White "Dawson, Euan"]
[Black "Tzanidakis, Michail"]
[Result "1-0"]
[WhiteElo "1816"]
[BlackElo "1675"]
[PlyCount "61"]
[EventDate "2020.11.17"]
[WhiteTeam "Dundee City B"]
[BlackTeam "Guildford Castles"]

1. e4 c5 2. Nc3 d6 3. g3 Nf6 4. Bg2 e5 5. d3 h6 6. Nh3 g6 7. O-O a6 8. f4 Bg4
9. Ne2 Bg7 10. Nf2 Bd7 11. Be3 Nc6 12. c3 h5 13. h3 Nh7 14. d4 Qe7 15. fxe5
cxd4 16. exd6 Qxd6 17. cxd4 O-O 18. e5 Nxe5 19. dxe5 Qxe5 20. Bd4 Qb5 21. Bxg7
Kxg7 22. Qd4+ Kg8 23. Nc3 Qxb2 24. Rab1 Qa3 25. Rb3 Qe7 26. Rxb7 Rad8 27. Nd5
Qd6 28. Ne4 Qxd5 29. Qxd5 Bc8 30. Qb3 Bxb7 31. Qxb7 1-0

[Event "4NCL Online Division 6"]
[Site "online"]
[Date "2020.11.17"]
[Round "7.21"]
[White "Hookham, Jamie"]
[Black "Robins, Andrew"]
[Result "1-0"]
[WhiteElo "2029"]
[BlackElo "1750"]
[PlyCount "59"]
[EventDate "2020.11.17"]
[WhiteTeam "Imperial Knightriders"]
[BlackTeam "Ashfield Anonymous D"]

1. e4 c6 2. Nc3 d5 3. Nf3 Bg4 4. h3 Bxf3 5. Qxf3 Nf6 6. d3 e6 7. Bd2 d4 8. Ne2
Qb6 9. O-O-O c5 10. g4 Nc6 11. g5 Nd7 12. h4 Bd6 13. Bh3 Nde5 14. Qg2 c4 15. f4
cxd3 16. fxe5 dxc2 17. exd6 cxd1=Q+ 18. Rxd1 Qc5+ 19. Kb1 Qxd6 20. h5 e5 21.
Ng3 Ne7 22. a3 a5 23. Rf1 b5 24. Nf5 Nxf5 25. exf5 Ra7 26. f6 g6 27. Rc1 Rc7
28. Qa8+ Qd8 29. Qxd8+ Kxd8 30. Bxa5 1-0

[Event "4NCL Online Division 6"]
[Site "online"]
[Date "2020.11.17"]
[Round "7.22"]
[White "Shaw, John S"]
[Black "Barron, Luke J"]
[Result "1-0"]
[WhiteElo "1735"]
[BlackElo "1927"]
[PlyCount "67"]
[EventDate "2020.11.17"]
[WhiteTeam "Ashfield Anonymous D"]
[BlackTeam "Imperial Knightriders"]

1. d4 d6 2. Nf3 Nf6 3. c4 g6 4. g3 Bg7 5. Bg2 O-O 6. Nc3 Nbd7 7. O-O e5 8. e4
Re8 9. h3 exd4 10. Nxd4 Nc5 11. Re1 Ne6 12. Nb3 Rb8 13. Be3 b6 14. Nd4 Bb7 15.
Nxe6 Rxe6 16. Qc2 Qe8 17. Nd5 Nxd5 18. cxd5 Re7 19. Rac1 Qb5 20. b3 Rbe8 21.
Bf1 Qd7 22. Bg5 f6 23. Bd2 Bc8 24. Bg2 f5 25. Bg5 Rf7 26. exf5 Rxe1+ 27. Rxe1
gxf5 28. Qe2 Bf6 29. Qe8+ Kg7 30. Bxf6+ Kxf6 31. Qh8+ Rg7 32. Re8 Ba6 33. Re6+
Kf7 34. Bf3 1-0

[Event "4NCL Online Division 6"]
[Site "online"]
[Date "2020.11.17"]
[Round "7.23"]
[White "Porter, Sam J"]
[Black "Hardman, Daniel"]
[Result "0-1"]
[WhiteElo "1975"]
[BlackElo "1675"]
[PlyCount "92"]
[EventDate "2020.11.17"]
[WhiteTeam "Imperial Knightriders"]
[BlackTeam "Ashfield Anonymous D"]

1. e4 e6 2. Nf3 d5 3. e5 c5 4. b4 b6 5. c3 Ne7 6. a3 Nf5 7. d4 cxd4 8. cxd4 Nc6
9. Bb2 Be7 10. Bd3 O-O 11. O-O g6 12. Nbd2 h5 13. h3 Bb7 14. g4 hxg4 15. hxg4
Nh4 16. Nxh4 Bxh4 17. f4 f5 18. g5 Bxg5 19. fxg5 Qxg5+ 20. Kf2 Qh4+ 21. Ke3 g5
22. Qf3 Nxe5 23. Qg2 f4+ 24. Ke2 Nxd3 25. Kxd3 Ba6+ 26. Kc2 Bxf1 27. Rxf1 Rac8+
28. Kb1 Qh7+ 29. Ka1 Qg6 30. Nf3 Rc2 31. Qxg5 Qxg5 32. Nxg5 Re2 33. Bc1 Rf5 34.
Bxf4 Kg7 35. Rg1 Kf6 36. Rg4 Rxf4 37. Rxf4+ Kxg5 38. Rf7 Rd2 39. Rxa7 Rxd4 40.
Rb7 Rd2 41. Rxb6 e5 42. b5 e4 43. Re6 Kf4 44. b6 Rh2 45. a4 Rh8 46. a5 Ra8 0-1

[Event "4NCL Online Division 6"]
[Site "online"]
[Date "2020.11.17"]
[Round "7.24"]
[White "Fraser, Chris"]
[Black "Eggl, Maximilian"]
[Result "1/2-1/2"]
[WhiteElo "1645"]
[BlackElo "1622"]
[PlyCount "81"]
[EventDate "2020.11.17"]
[WhiteTeam "Ashfield Anonymous D"]
[BlackTeam "Imperial Knightriders"]

1. e4 c5 2. Nc3 Nc6 3. f4 g6 4. Nf3 Bg7 5. Bb5 e6 6. O-O Nge7 7. Qe2 O-O 8. d3
a6 9. Bxc6 Nxc6 10. f5 d5 11. fxg6 fxg6 12. Bg5 Qd6 13. Rae1 d4 14. Nd1 e5 15.
Qd2 Be6 16. a3 b5 17. Bh6 b4 18. Bxg7 Kxg7 19. axb4 Nxb4 20. b3 a5 21. Nb2 h6
22. Na4 Rab8 23. Re2 Rfc8 24. Ref2 Nxc2 25. Qxc2 Bxb3 26. Qd2 Bxa4 27. Qxa5 Ra8
28. Qd2 Bb3 29. Qb2 Rcb8 30. Nd2 Be6 31. Qc1 Rf8 32. Rxf8 Rxf8 33. Rxf8 Qxf8
34. Nc4 Bxc4 35. Qxc4 Qf4 36. h3 Kf6 37. Qxc5 Qe3+ 38. Kh2 Qxd3 39. Qd6+ Kf7
40. Qd7+ Kf6 41. Qd6+ 1/2-1/2

[Event "4NCL Online Division 6"]
[Site "online"]
[Date "2020.11.17"]
[Round "7.31"]
[White "Ho, Conrad"]
[Black "Burke, Steven J"]
[Result "1/2-1/2"]
[WhiteElo "2058"]
[BlackElo "1922"]
[PlyCount "69"]
[EventDate "2020.11.17"]
[WhiteTeam "Chessable White Rose 3"]
[BlackTeam "Ashfield Anonymous C"]

1. c4 c6 2. d4 d5 3. Nf3 e6 4. e3 f5 5. Ne5 Nf6 6. Be2 Nbd7 7. f4 Nxe5 8. fxe5
Ne4 9. O-O Be7 10. b3 O-O 11. Ba3 b6 12. cxd5 cxd5 13. Bd3 Bd7 14. Qe2 Bxa3 15.
Nxa3 Qe7 16. Qb2 a5 17. Rac1 Rfc8 18. Nb5 Qg5 19. Rf4 Rxc1+ 20. Qxc1 Rc8 21.
Qb2 Bxb5 22. Bxb5 Qe7 23. Ba6 Rc7 24. Bd3 Qb4 25. Rf1 Qc3 26. Qxc3 Rxc3 27. Rd1
Kf7 28. Kf1 g5 29. Ke2 Rc7 30. Kf3 Kg6 31. h3 Rc3 32. Ke2 Rc7 33. Kf3 Rc3 34.
Ke2 Rc7 35. Kf3 1/2-1/2

[Event "4NCL Online Division 6"]
[Site "online"]
[Date "2020.11.17"]
[Round "7.32"]
[White "Bromilow, Edward T"]
[Black "Wills, Tom"]
[Result "0-1"]
[WhiteElo "1870"]
[BlackElo "1922"]
[PlyCount "134"]
[EventDate "2020.11.17"]
[WhiteTeam "Ashfield Anonymous C"]
[BlackTeam "Chessable White Rose 3"]

1. e4 c6 2. Nc3 d5 3. Nf3 dxe4 4. Nxe4 Nf6 5. Qe2 Nxe4 6. Qxe4 Qd5 7. Qf4 g6 8.
Be2 Bg7 9. O-O O-O 10. d4 Nd7 11. c4 Qd6 12. Rd1 Nf6 13. Ne5 Be6 14. Be3 Rad8
15. a3 Nd7 16. Nf3 Qxf4 17. Bxf4 Bg4 18. h3 Bxf3 19. Bxf3 Nb6 20. Bg5 Rxd4 21.
Bxe7 Re8 22. Rxd4 Bxd4 23. c5 Rxe7 24. cxb6 Bxb6 25. Rd1 Kg7 26. Kf1 Kf6 27.
Re1 Rd7 28. Rd1 Bd4 29. b3 c5 30. Be4 Re7 31. Bd3 a6 32. a4 Bc3 33. Be2 h5 34.
Rd3 Bd4 35. b4 Kg7 36. bxc5 Bxc5 37. Rc3 Bb4 38. Rb3 Ba5 39. g4 h4 40. Bf3 b6
41. Rb1 Rd7 42. Rd1 Rc7 43. Bd5 b5 44. axb5 axb5 45. Ra1 Bc3 46. Rb1 b4 47. Ke2
Kf6 48. f3 Ke5 49. Bb3 Kf4 50. Rg1 Re7+ 51. Kd3 Kxf3 52. Rf1+ Kg3 53. Bxf7 g5
54. Bd5 Rd7 55. Ke4 Rxd5 56. Kxd5 Kxh3 57. Ke4 Kg2 58. Rf5 h3 59. Rxg5 h2 60.
Rh5 b3 61. Kd3 b2 62. Kxc3 b1=Q 63. Kd4 h1=Q 64. Rxh1 Kxh1 65. Ke5 Qg6 66. Kf4
Kg2 67. g5 Kh3 0-1

[Event "4NCL Online Division 6"]
[Site "online"]
[Date "2020.11.17"]
[Round "7.33"]
[White "Parkhouse, Max"]
[Black "Pettinger, Martin"]
[Result "1-0"]
[WhiteElo "1862"]
[BlackElo "1727"]
[PlyCount "123"]
[EventDate "2020.11.17"]
[WhiteTeam "Chessable White Rose 3"]
[BlackTeam "Ashfield Anonymous C"]

1. d4 Nf6 2. Bf4 g6 3. Nc3 d5 4. e3 Bg7 5. h4 c5 6. Nb5 Na6 7. a4 cxd4 8. exd4
h5 9. Nf3 O-O 10. c3 Ne8 11. Ne5 Nac7 12. Be2 Ne6 13. Be3 a6 14. Na3 Nf6 15. g4
hxg4 16. Nxg4 Nxg4 17. Bxg4 f5 18. Be2 f4 19. Bd2 Rf6 20. Rg1 Nf8 21. h5 Qd6
22. Bd3 Re6+ 23. Kf1 Rf6 24. Qf3 gxh5 25. Qxh5 Qe6 26. Re1 Qh3+ 27. Qxh3 Bxh3+
28. Ke2 Ne6 29. Kd1 Kf7 30. Re5 Rd8 31. Kc1 Rh6 32. Ree1 Bf6 33. Nc2 Bh4 34.
Re2 f3 35. Bxh6 fxe2 36. Bxe2 Bxf2 37. Rh1 Bg2 38. Rh2 Rg8 39. Nb4 Kf6 40.
Nxd5+ Bxd5 41. Rxf2+ Kg6 42. Be3 Rh8 43. Bd3+ Kg7 44. Kc2 Rh3 45. Bd2 Bc6 46.
b3 Rf3 47. Rg2+ Kf6 48. Rg6+ Kf7 49. Rg1 Nf4 50. Bc4+ e6 51. Re1 b5 52. axb5
axb5 53. Bf1 Rf2 54. b4 Ke7 55. Kc1 Nd5 56. Bh3 Bd7 57. Re5 Rf3 58. Bg2 Rxc3+
59. Bxc3 Nxc3 60. Kb2 Na4+ 61. Kb3 Kd6 62. Bf1 1-0

[Event "4NCL Online Division 6"]
[Site "online"]
[Date "2020.11.17"]
[Round "7.34"]
[White "Morgan, Philip D"]
[Black "Posadas, Rayelynn"]
[Result "1-0"]
[WhiteElo "1787"]
[BlackElo "1915"]
[PlyCount "93"]
[EventDate "2020.11.17"]
[WhiteTeam "Ashfield Anonymous C"]
[BlackTeam "Chessable White Rose 3"]

1. e4 c5 2. Nf3 e6 3. c3 a6 4. d4 cxd4 5. cxd4 b5 6. Bd3 Bb7 7. O-O Nf6 8. Re1
d6 9. a3 Be7 10. Nc3 Nbd7 11. h3 Rc8 12. e5 dxe5 13. dxe5 Nd5 14. Nxd5 Bxd5 15.
b4 f6 16. Bb2 O-O 17. exf6 Bxf6 18. Bxf6 Qxf6 19. Be4 Bxe4 20. Rxe4 Rfd8 21.
Qe1 Nf8 22. Rc1 Qb2 23. Rxc8 Rxc8 24. Rd4 Qxa3 25. Rd1 Rc4 26. Ra1 Qb2 27. Rb1
Qc2 28. Ng5 h6 29. Nf3 Re4 30. Qf1 Qc3 31. Qd1 Rxb4 32. Rc1 Qa3 33. Ra1 Qb2 34.
Rxa6 Re4 35. Qa1 Qxa1+ 36. Rxa1 b4 37. Ra7 Ng6 38. Rb7 Nf4 39. Nd2 Re1+ 40. Kh2
Nd5 41. Nf3 Ra1 42. Ne5 Ra6 43. h4 Rb6 44. Ra7 b3 45. Ra8+ Kh7 46. h5 b2 47.
Ng6 1-0

[Event "4NCL Online Division 6"]
[Site "online"]
[Date "2020.11.17"]
[Round "7.41"]
[White "Albu, Gheorghe"]
[Black "Levy, Christopher A"]
[Result "1/2-1/2"]
[WhiteElo "2132"]
[BlackElo "1870"]
[PlyCount "117"]
[EventDate "2020.11.17"]
[WhiteTeam "Braunstone"]
[BlackTeam "Hackney Hackers"]

1. e4 c5 2. Nf3 Nc6 3. Bb5 g6 4. O-O Bg7 5. c3 e5 6. d3 Nge7 7. Be3 d6 8. Nbd2
O-O 9. a4 h6 10. Ne1 g5 11. Bc4 Ng6 12. g3 Kh7 13. Qh5 f5 14. exf5 Rxf5 15. Bd5
g4 16. Qxg4 Rxf2 17. Qh5 Rxf1+ 18. Kxf1 Qf6+ 19. Kg2 Nce7 20. Be4 d5 21. Bxg6+
Nxg6 22. Bxc5 b6 23. Be3 Bb7 24. Nef3 d4 25. Bg1 dxc3 26. bxc3 Rd8 27. Ne4 Qc6
28. Rd1 Qe8 29. Kh1 Kg8 30. Qf5 Qc6 31. h4 Rf8 32. Qh5 Qe6 33. Kh2 Bc8 34. Nfg5
Qg4 35. Qxg6 Bf5 36. Qd6 Qxd1 37. Qd5+ Kh8 38. Nf7+ Rxf7 39. Qxf7 Qe2+ 40. Bf2
Bxe4 41. dxe4 Qxe4 42. h5 Qc2 43. Kg2 Qxc3 44. Qxa7 Qc6+ 45. Kh2 e4 46. Qxb6
Qxa4 47. Qd8+ Kh7 48. Qe7 Qc2 49. Qa7 Qe2 50. Qc5 Qf3 51. Be3 Qe2+ 52. Kh3 Qf1+
53. Kh4 Bf6+ 54. Kg4 Qf3+ 55. Kh3 Qh1+ 56. Kg4 Qf3+ 57. Kh3 Qh1+ 58. Kg4 Qf3+
59. Kh3 1/2-1/2

[Event "4NCL Online Division 6"]
[Site "online"]
[Date "2020.11.17"]
[Round "7.42"]
[White "Conway, Paul Bernard"]
[Black "Bray, David"]
[Result "1-0"]
[WhiteElo "1855"]
[BlackElo "2042"]
[PlyCount "75"]
[EventDate "2020.11.17"]
[WhiteTeam "Hackney Hackers"]
[BlackTeam "Braunstone"]

1. e4 c5 2. Nf3 e6 3. d3 Nc6 4. g3 g6 5. Bg2 Bg7 6. O-O Nge7 7. Re1 O-O 8. Nbd2
d5 9. c3 b6 10. h4 Bb7 11. Qc2 Rc8 12. Nf1 Qd7 13. e5 d4 14. c4 b5 15. b3 bxc4
16. bxc4 Nb4 17. Qd1 Bc6 18. a4 a5 19. Bf4 Qb7 20. h5 Nf5 21. Nh4 Nxh4 22. Bxc6
Qxc6 23. gxh4 Rce8 24. Ng3 f6 25. h6 Bh8 26. Ne4 fxe5 27. Bg5 Rf5 28. Ra3 Qc7
29. Qg4 Nc2 30. Raa1 Nxa1 31. Rxa1 Ref8 32. h5 gxh5 33. Qxh5 Qf7 34. Qh4 Qg6
35. Kh1 Rxf2 36. Nxf2 Rxf2 37. Qxf2 Qxg5 38. Rg1 1-0

[Event "4NCL Online Division 6"]
[Site "online"]
[Date "2020.11.17"]
[Round "7.43"]
[White "Tang, Julian"]
[Black "Figueroa, Edison"]
[Result "0-1"]
[WhiteElo "1840"]
[BlackElo "1862"]
[PlyCount "84"]
[EventDate "2020.11.17"]
[WhiteTeam "Braunstone"]
[BlackTeam "Hackney Hackers"]

1. e4 c5 2. Nf3 e6 3. d4 cxd4 4. Nxd4 Nc6 5. Be2 Qc7 6. O-O a6 7. Be3 Nf6 8.
Nc3 Be7 9. Rc1 O-O 10. Nxc6 bxc6 11. f4 d5 12. e5 Nd7 13. Bd3 Nc5 14. Bxc5
Bxc5+ 15. Kh1 f5 16. Rf3 g6 17. Ne2 Bd7 18. Qe1 Be8 19. Qh4 Qg7 20. a3 Be7 21.
Qe1 c5 22. c4 d4 23. b4 Bc6 24. Rh3 h5 25. Ng3 Kf7 26. bxc5 Bxc5 27. Qa5 Rfc8
28. Kg1 Qf8 29. Ra1 Rab8 30. Qe1 Rb2 31. Ne2 Rcb8 32. Qa5 R8b6 33. Qe1 R6b3 34.
Kf1 Qa8 35. Rg3 Rxd3 36. Rxd3 Bxg2+ 37. Kg1 Be4 38. Rad1 Bxd3 39. Rxd3 Qe4 40.
Rd2 d3+ 41. Kf1 Qh1+ 42. Ng1 Qxg1# 0-1

[Event "4NCL Online Division 6"]
[Site "online"]
[Date "2020.11.17"]
[Round "7.44"]
[White "Reilly, Gerhard"]
[Black "Abubakar, Abdi"]
[Result "0-1"]
[WhiteElo "1787"]
[BlackElo "1765"]
[PlyCount "124"]
[EventDate "2020.11.17"]
[WhiteTeam "Hackney Hackers"]
[BlackTeam "Braunstone"]

1. d4 d5 2. c4 c6 3. Nc3 Nf6 4. Nf3 g6 5. Bf4 Bg7 6. e3 Bg4 7. h3 Bxf3 8. Qxf3
Nbd7 9. cxd5 cxd5 10. Nxd5 Qa5+ 11. Nc3 Rc8 12. Rc1 b5 13. Bxb5 O-O 14. Bxd7
Nxd7 15. O-O Nb6 16. Qe2 Nd7 17. Qb5 Qxb5 18. Nxb5 e5 19. dxe5 Nxe5 20. Nxa7
Rxc1 21. Rxc1 Nd3 22. Rc4 Nxb2 23. Rc7 Nd3 24. Bd6 Ra8 25. Rc8+ Rxc8 26. Nxc8
Bf8 27. Kf1 Bxd6 28. Nxd6 Kf8 29. Ke2 Nc1+ 30. Kf3 Nxa2 31. Ke4 Nc3+ 32. Ke5
Nd1 33. Kf6 Nxf2 34. Nxf7 Ne4+ 35. Ke5 Nd2 36. Ng5 Kg7 37. Kd5 h6 38. Nf3 Nf1
39. e4 Ne3+ 40. Kd6 Nxg2 41. e5 Nf4 42. e6 Nh5 43. e7 Nf6 44. Ke6 g5 45. Ne5 h5
46. Nd7 Ne8 47. Ne5 g4 48. hxg4 h4 49. g5 h3 50. Ng4 Kg6 51. Kd7 Ng7 52. Nf6 h2
53. Ne8 Nxe8 54. Kxe8 h1=Q 55. Kf8 Qf3+ 56. Ke8 Kxg5 57. Kd8 Qd5+ 58. Kc8 Qe6+
59. Kd8 Qd6+ 60. Ke8 Kf6 61. Kf8 Qxe7+ 62. Kg8 Qg7# 0-1

[Event "4NCL Online Division 6"]
[Site "online"]
[Date "2020.11.17"]
[Round "7.51"]
[White "Stoica, Savas Marin"]
[Black "Cooney, Brendan"]
[Result "1-0"]
[WhiteElo "2042"]
[BlackElo "1818"]
[PlyCount "93"]
[EventDate "2020.11.17"]
[WhiteTeam "Barnet Knights B"]
[BlackTeam "St Benildus C"]

1. d4 d5 2. c4 dxc4 3. Nf3 Nf6 4. e3 e6 5. Bxc4 c5 6. O-O a6 7. dxc5 Qxd1 8.
Rxd1 Bxc5 9. b3 b5 10. Be2 Bb7 11. Bb2 Nbd7 12. a4 bxa4 13. Rxa4 Nb6 14. Ra2
O-O 15. Nbd2 Rfd8 16. Rc1 Bb4 17. Bd4 Nbd5 18. Nc4 Ne4 19. Na5 Rdc8 20. Rxc8+
Bxc8 21. Bc4 Ndc3 22. Ra1 Nb5 23. Bb2 Nbd6 24. Bf1 Kf8 25. Nc6 Bc3 26. Bxc3
Nxc3 27. Rc1 Ndb5 28. Nfe5 f6 29. Nc4 Bd7 30. Nb6 Bxc6 31. Nxa8 Bxa8 32. Bxb5
Bd5 33. Bxa6 Na2 34. Rc8+ Kf7 35. Bc4 Nc3 36. Bxd5 Nxd5 37. Kf1 Ke7 38. Ke2 e5
39. Kd3 h6 40. Rc5 Kd6 41. Kc4 Nc3 42. f3 e4 43. Rc8 Na2 44. fxe4 Nc1 45. b4
Ne2 46. b5 Kd7 47. Rg8 1-0

[Event "4NCL Online Division 6"]
[Site "online"]
[Date "2020.11.17"]
[Round "7.52"]
[White "Murray, Benjamin"]
[Black "Covey, Jason"]
[Result "1-0"]
[WhiteElo "1709"]
[BlackElo "1990"]
[PlyCount "51"]
[EventDate "2020.11.17"]
[WhiteTeam "St Benildus C"]
[BlackTeam "Barnet Knights B"]

1. e4 e6 2. d4 d5 3. Nc3 Bb4 4. e5 c5 5. a3 Bxc3+ 6. bxc3 Ne7 7. Qg4 Qc7 8.
Qxg7 Rg8 9. Qxh7 cxd4 10. Ne2 Nbc6 11. f4 Bd7 12. h4 dxc3 13. h5 d4 14. Qd3 Nf5
15. h6 Qb6 16. h7 Rh8 17. g4 Nfe7 18. Bg2 Rd8 19. Ng3 Nd5 20. Bxd5 exd5 21. Nh5
Ke7 22. Nf6 Be6 23. a4 Nb4 24. Ba3 a5 25. f5 Bd7 26. Nxd5+ 1-0

[Event "4NCL Online Division 6"]
[Site "online"]
[Date "2020.11.17"]
[Round "7.53"]
[White "Eedle, Eric F"]
[Black "Willow, David"]
[Result "1-0"]
[WhiteElo "1787"]
[BlackElo "1728"]
[PlyCount "115"]
[EventDate "2020.11.17"]
[WhiteTeam "Barnet Knights B"]
[BlackTeam "St Benildus C"]

1. d4 Nf6 2. c4 e5 3. dxe5 Ng4 4. Bf4 Nc6 5. Nf3 Bb4+ 6. Nc3 Bxc3+ 7. bxc3 Qe7
8. Qd5 f6 9. exf6 Nxf6 10. Qd1 d6 11. e3 Be6 12. Be2 O-O 13. O-O Nh5 14. Bg3
Nxg3 15. hxg3 Bg4 16. Nd4 Bxe2 17. Nxc6 bxc6 18. Qxe2 Qe5 19. Qd3 Rab8 20. Rab1
Qf6 21. Rb3 a5 22. Qd4 Qf7 23. c5 Rxb3 24. axb3 Qxb3 25. cxd6 cxd6 26. Qxd6
Qxc3 27. Qe6+ Kh8 28. Qe7 Qb4 29. Qa7 a4 30. Qa6 Qb5 31. Qa7 c5 32. Qe7 Re8 33.
Qf7 a3 34. Qa2 Qb2 35. Ra1 Qxa2 36. Rxa2 Ra8 37. Kf1 Kg8 38. Ke2 Kf7 39. Kd3
Ke6 40. Kc4 Kd6 41. Kb3 Kd5 42. Rxa3 Rb8+ 43. Kc3 c4 44. Ra5+ Ke4 45. Kxc4 Rf8
46. Ra2 Rc8+ 47. Kb5 g5 48. Ra4+ Kd3 49. Ra7 Rf8 50. Ra2 h5 51. Kc6 Rf5 52. Kd6
Ke4 53. Ra4+ Kd3 54. Ra2 Ke4 55. Ke6 Re5+ 56. Kf6 Rd5 57. Ra4+ Kd3 58. Rd4+ 1-0

[Event "4NCL Online Division 6"]
[Site "online"]
[Date "2020.11.17"]
[Round "7.54"]
[White "Putar, Slavko"]
[Black "Vyas, Alisha"]
[Result "0-1"]
[WhiteElo "1676"]
[BlackElo "1682"]
[PlyCount "78"]
[EventDate "2020.11.17"]
[WhiteTeam "St Benildus C"]
[BlackTeam "Barnet Knights B"]

1. e4 c5 2. Nf3 d6 3. c3 Nf6 4. Be2 Nc6 5. Qc2 g6 6. d4 cxd4 7. cxd4 Bg7 8. O-O
O-O 9. Nc3 Bg4 10. Be3 a6 11. h3 Bd7 12. a3 Rc8 13. Rac1 b5 14. b4 e6 15. Bg5
h6 16. Bh4 Qb6 17. Qd2 Nh5 18. d5 Nd8 19. dxe6 Bxe6 20. Nd5 Bxd5 21. Rxc8 Bxe4
22. Bxd8 Rxd8 23. Rxd8+ Qxd8 24. Rd1 d5 25. Qe3 Qf6 26. Bd3 Bxf3 27. Qxf3 Qxf3
28. gxf3 Nf4 29. Bf1 Bb2 30. a4 bxa4 31. Bd3 Nxd3 32. Rxd3 a3 33. Rxd5 a2 34.
Ra5 a1=Q+ 35. Rxa1 Bxa1 36. Kf1 Bc3 37. Ke2 Bxb4 38. Kd3 Kg7 39. Kc4 a5 0-1

[Event "4NCL Online Division 6"]
[Site "online"]
[Date "2020.11.17"]
[Round "7.61"]
[White "Freeman, Ashley"]
[Black "Coote, Trevor D"]
[Result "0-1"]
[WhiteElo "1975"]
[BlackElo "2044"]
[PlyCount "84"]
[EventDate "2020.11.17"]
[WhiteTeam "Redbridge All Sorts 1"]
[BlackTeam "Brentwood B"]

1. e4 e6 2. d4 d5 3. Nc3 Bb4 4. e5 c5 5. Qg4 Ne7 6. dxc5 Bxc3+ 7. bxc3 Ng6 8.
Nf3 Nc6 9. Bd3 Qc7 10. Bxg6 hxg6 11. Qg3 Qa5 12. Bd2 Qxc5 13. h4 b6 14. O-O Ba6
15. Rfe1 Rh5 16. a4 Qc4 17. a5 Nxa5 18. Nd4 Kd7 19. Qf3 Rf8 20. Bg5 Ke8 21.
Reb1 Qc7 22. Qg3 Bc4 23. Rb4 a6 24. Qe3 Kd7 25. f4 Rhh8 26. g4 Rb8 27. f5 gxf5
28. gxf5 Nc6 29. fxe6+ fxe6 30. Nxe6 Kxe6 31. Qh3+ Kf7 32. Rf1+ Bxf1 33. Rf4+
Kg8 34. Qe6+ Kh7 35. Qf5+ g6 36. Qe6 Rhf8 37. Bf6 Nd8 38. Qg4 Bb5 39. h5 Rg8
40. Kh2 Qxc3 41. hxg6+ Rxg6 42. Qf5 Qg3+ 0-1

[Event "4NCL Online Division 6"]
[Site "online"]
[Date "2020.11.17"]
[Round "7.62"]
[White "Pert, Max"]
[Black "Hunnable, Ian D"]
[Result "0-1"]
[WhiteElo "1787"]
[BlackElo "1967"]
[PlyCount "86"]
[EventDate "2020.11.17"]
[WhiteTeam "Brentwood B"]
[BlackTeam "Redbridge All Sorts 1"]

1. e4 e6 2. d4 d5 3. Nc3 Nf6 4. Bg5 Be7 5. e5 Nfd7 6. h4 c5 7. Bxe7 Kxe7 8. Nf3
Qa5 9. Qd2 Nc6 10. Qg5+ Kf8 11. O-O-O a6 12. Qf4 cxd4 13. Ng5 Ndxe5 14. Nb1 Qc7
15. Qg3 Qe7 16. Be2 h6 17. Nf3 Nxf3 18. Bxf3 Kg8 19. Rhe1 Qf6 20. Qc7 Kh7 21.
Be2 Rd8 22. Bd3+ Kg8 23. g4 e5 24. g5 Qd6 25. Qb6 e4 26. Be2 Bf5 27. gxh6 Qxh6+
28. Nd2 Rac8 29. Rg1 e3 30. fxe3 Qxe3 31. Bg4 Bxc2 32. Rde1 Qf4 33. Bxc8 Rxc8
34. Qxb7 Bf5 35. Rgf1 Qg4 36. Rg1 Qh3 37. Rgf1 Ne5+ 38. Qxc8+ Bxc8 39. Rxe5 Be6
40. Rfe1 Qd3 41. Nb3 Bf5 42. Re8+ Kh7 43. Rc8 Bxc8 0-1

[Event "4NCL Online Division 6"]
[Site "online"]
[Date "2020.11.17"]
[Round "7.64"]
[White "Willoughby, Charlotte"]
[Black "Sheard, Jack"]
[Result "0-1"]
[WhiteElo "1645"]
[BlackElo "1855"]
[PlyCount "54"]
[EventDate "2020.11.17"]
[WhiteTeam "Brentwood B"]
[BlackTeam "Redbridge All Sorts 1"]

1. e4 c6 2. d4 d5 3. exd5 cxd5 4. c3 Qc7 5. Nf3 Bg4 6. Be2 e6 7. h3 Bh5 8. Nbd2
Nf6 9. Ne5 Bxe2 10. Qxe2 Bd6 11. Ndf3 O-O 12. Qd3 Nbd7 13. Ng4 Rfe8 14. Bg5 e5
15. dxe5 Nxe5 16. Nfxe5 Bxe5 17. O-O Ne4 18. Be3 Rad8 19. Nxe5 Qxe5 20. Bxa7
Re6 21. Rae1 Rg6 22. Be3 Qh5 23. Bf4 Qf5 24. Be3 Qxh3 25. g3 Nxg3 26. fxg3
Qxg3+ 27. Kh1 Qg2# 0-1

[Event "4NCL Online Division 6"]
[Site "online"]
[Date "2020.11.17"]
[Round "7.71"]
[White "Trudeau, Gary"]
[Black "Walker, David N"]
[Result "1-0"]
[WhiteElo "1780"]
[BlackElo "1900"]
[PlyCount "79"]
[EventDate "2020.11.17"]
[WhiteTeam "Calstock Killers"]
[BlackTeam "Harborough Cuatro"]

1. d4 e6 2. e4 d5 3. Nc3 Nf6 4. Bg5 Be7 5. e5 Nfd7 6. h4 c5 7. Nb5 f6 8. exf6
Nxf6 9. Bf4 Na6 10. Nf3 O-O 11. c3 Bd7 12. a4 Ne4 13. Be5 cxd4 14. Bxd4 Bc5 15.
Be2 Bxb5 16. axb5 Nc7 17. b4 Bxd4 18. Qxd4 b6 19. Bd3 e5 20. Qe3 Nxf2 21. Kxf2
e4 22. Bxe4 dxe4 23. Qxe4 Rc8 24. Rhd1 Qf6 25. Rd3 Kh8 26. Rxa7 Nxb5 27. Rb7
Nxc3 28. Qe7 Na4 29. Qxf6 Rxf6 30. Ra3 Nb2 31. Rc3 Rd8 32. Kg3 h6 33. Ne5 Re8
34. Ng4 Rg6 35. h5 Rg5 36. Rf3 Re4 37. Rf4 Rxf4 38. Kxf4 Rxh5 39. Rxb6 Rc5 40.
bxc5 1-0

[Event "4NCL Online Division 6"]
[Site "online"]
[Date "2020.11.17"]
[Round "7.72"]
[White "Thomson, John J"]
[Black "Kirkman, Nigel J"]
[Result "1/2-1/2"]
[WhiteElo "1757"]
[BlackElo "1772"]
[PlyCount "95"]
[EventDate "2020.11.17"]
[WhiteTeam "Harborough Cuatro"]
[BlackTeam "Calstock Killers"]

1. c4 f5 2. g3 Nf6 3. Bg2 g6 4. b3 Bg7 5. Bb2 O-O 6. Nc3 d6 7. e3 e5 8. Nge2 c6
9. d4 e4 10. d5 Na6 11. O-O Nc5 12. Nc1 cxd5 13. Nxd5 Be6 14. Nxf6+ Bxf6 15.
Bxf6 Qxf6 16. Rb1 Rad8 17. Qd4 b6 18. Rd1 Nb7 19. Qxf6 Rxf6 20. f3 d5 21. cxd5
Bxd5 22. fxe4 Bxe4 23. Rxd8+ Nxd8 24. Rb2 Rd6 25. Ne2 Rd1+ 26. Kf2 Bxg2 27.
Kxg2 Ne6 28. Nf4 Nc5 29. Rc2 a5 30. Re2 Kf7 31. h3 Ne4 32. Rc2 Nc5 33. Ne2 Re1
34. Kf3 Ke6 35. Rd2 Rf1+ 36. Kg2 Ra1 37. Nf4+ Ke5 38. Nd5 Ne4 39. Rd3 Rxa2+ 40.
Kg1 Rd2 41. Rxd2 Nxd2 42. Nxb6 Nxb3 43. Kf2 Nc5 44. Nc4+ Ke4 45. Nxa5 Nd3+ 46.
Ke2 Ne5 47. Nb3 Kd5 48. Nd2 1/2-1/2